000 02877cam a22004454a 4500
001 16377719
003 OSt
005 20260429160114.0
008 100805s2009 enka b 001 0 eng
010 _a 2010481838
015 _aGBA956536
_2bnb
015 _a015-28625
_2bnb
015 _aGBA-95653
_2bnb
016 7 _a015286255
_2Uk
020 _a9780714849331
_qhbk.
035 _a16377719
035 _a(OCoLC)390669726
040 _aUKM
_cFoundation University
042 _aukblcatcopy
_alccopycat
050 0 0 _aND 196.A2
_bN53 2009
100 1 _aNickas, Robert.
_915717
245 1 0 _aPainting abstraction :
_bnew elements in abstract painting /
_cBob Nickas.
260 _aLondon :
_bPhaidon,
_cc2009.
264 _42009
300 _a343 p. :
_bill. (some col.) ;
_c29 cm.
_3books
_fbooks
336 _atext
_btxt
_2rdacontent
_3books
337 _aunmediated
_bn
_2rdamedia
_3books
338 _avolume
_bnc
_2rdacarrier
_3books
504 _aIncludes bibliographical references and index.
505 0 0 _tHybrid pictures
_rKristin Baker, Lisa Beck, Alex Brown, Jules de Balincourt, Tomory Dodge, Jacob Feige, Chris Finley, Wayne Gonzales, Alex Hay, Carrie Moyer, Elizabeth Neel, David Ratcliff, Wilhelm Sasnal, Chris Vasell --
_tRhythm and opticality
_rKarin Davie, Philippe Decrauzat, Xylor Jane, Alex Kwartler, David Malek, Anja Schwörer, James Siena, Esther Stocker, Philip Taaffe, John Tremblay, Dan Walsh, Chuck Webster --
_tColor and structure
_rJoanne Greenbaum, Mark Grotjahn, Mary Heilmann, Daniel Hesidence, Allison Miller, Odili Donald Odita, Ann Pibal, Bernd Ribbeck, Ruth Root, Alan Uglow, Stanley Whitney, Jens Wolf --
_tFound/eccentric abstraction
_rRichard Aldrich, John M. Armleder, Monika Baer, Francis Baudevin, Agnieszka Brzezanska, Mike Cloud, Daan van Golden, Chris Johanson, Tony Just, Marta Marcé, Monique Prieto, Alexander Ross, Sterling Ruby, Amy Sillman --
_tForm, space, and scale
_rTommy Abts, Varda Caivano, Kim Fisher, Katharina Grosse, Mamie Holst, Bill Komoski, Chris Martin, Julie Mehretu, Katy Moran, Olivier Mosset, Steven Parrino, Peter Peri, Thomas Scheibitz, Clare Woods --
_tThe act of painting
_rBernard Frize, Wade Guyton, Charline von Heyl, Jacqueline Humphries, Nathan Hylden, Jutta Koether, Michael Krebber, R. H. Quaytman, Anselm Reyle, Josh Smith, Rudolf Stingel, Kelley Walker, Christopher Wool, Heimo Zobernig.
648 7 _aGeschichte 2004-2008
_2swd
_915718
650 0 _aPainting, Abstract.
_915719
650 1 7 _aSchilderijen.
_2gtt
_915720
650 1 7 _aAbstracte schilderkunst
_2gtt
_915721
650 0 7 _aAbstrakte Malerei
_2swd
_915722
906 _a7
_bcbc
_ccopycat
_d2
_encip
_f20
_gy-gencatlg
942 _2lcc
_cBK
_hND 196.A2 .
_i2009 N53
_k(DAFA-FA)
999 _c5820
_d5820